[Event "6th Heraklion Fischer 2019"]
[Site "Heraklion"]
[Date "2019.04.30"]
[Round "2.5"]
[White "Tate, Alan"]
[Black "Oglaza, Oskar"]
[Result "1/2-1/2"]
[WhiteElo "2308"]
[BlackElo "2338"]
[Annotator "NA"]
[PlyCount "116"]
[EventDate "2019.04.29"]
[EventType "tourn"]
[EventCountry "GRE"]
[SourceTitle "playchess.com"]
[Source "ChessBase"]
[SourceQuality "1"]
[TimeControl "40/5400+30:1800+30"]

1. Nf3 {[%emt 0:25:45]} Nf6 {[%emt 0:00:00]} 2. g3 {[%emt 0:00:06]} g6 {[%emt 0:00:00]} 3. b3 {[%emt 0:00:21]} Bg7 {[%emt 0:00:00]} 4. Bb2 {[%emt 0:00:02]} d6 {[%emt 0:00:25]} 5. d4 {[%emt 0:00:29]} O-O {[%emt 0:01:06]} 6. Bg2 {[%emt 0:00:50]} c5 {[%emt 0:00:15]} 7. c4 {[%emt 0:02:57]} Qa5+ {[%emt 0:00:20]} 8. Nc3 {[%emt 0:00:27]} Nc6 {[%emt 0:01:18]} 9. O-O {[%emt 0:07:19]} cxd4 $14 {[%emt 0:00:42]} 10. Nxd4 {[%emt 0:01:51]} Bd7 {[%emt 0:00:10]} 11. e3 {[%emt 0:25:27]} Rab8 {[%emt 0:01:38]} 12. Rc1 {[%emt 0:12:52]} Rfc8 {[%emt 0:02:25]} 13. Qe2 {[%emt 0:01:00]} a6 {[%emt 0:06:46]} 14. h3 {[%emt 0:03:01]} e6 {[%emt 0:18:12]} 15. Rfd1 {[%emt 0:03:01]} Nxd4 {[%emt 0:00:25]} 16. exd4 {[%emt 0:06:35]} b5 {[%emt 0:00:20]} 17. cxb5 {[%emt 0:00:22]} axb5 {[%emt 0:00:04]} 18. d5 {[%emt 0:01:12]} e5 {[%emt 0:00:58]} 19. Ba1 {[%emt 0:03:59]} Ra8 {[%emt 0:11:35]} 20. a4 {[%emt 0:01:20]} bxa4 {[%emt 0:00:24]} 21. bxa4 {[%emt 0:00:09]} Ne8 {[%emt 0:11:54]} 22. h4 {[%emt 0:01:21]} f5 {[%emt 0:00:11]} 23. h5 {[%emt 0:00:31]} e4 {[%emt 0:05:51]} 24. Qd2 {[%emt 0:00:30]} Rab8 {[%emt 0:03:54]} 25. Nxe4 {[%emt 0:00:27]} Qxd2 {[%emt 0:03:41]} 26. Nxd2 {[%emt 0:00:02]} Bxa4 {[%emt 0:00:08]} 27. Re1 {[%emt 0:00:15]} Rxc1 {[%emt 0:04:02]} 28. Rxc1 {[%emt 0:00:01]} Bxa1 {[%emt 0:00:22]} 29. Rxa1 {[%emt 0:00:06]} Rb4 {[%emt 0:00:15]} 30. hxg6 {[%emt 0:01:01]} hxg6 {[%emt 0:00:04]} 31. Nf3 {[%emt 0:00:47]} f4 {[%emt 0:00:48]} 32. g4 {[%emt 0:01:20]} Nf6 {[%emt 0:00:27]} 33. Ng5 {[%emt 0:00:32]} Nxg4 {[%emt 0:06:00]} 34. Ne4 {[%emt 0:00:14]} Ne5 {[%emt 0:01:21]} 35. Nxd6 {[%emt 0:00:19]} f3 {[%emt 0:01:02]} 36. Bh3 {[%emt 0:00:10]} Nd3 {[%emt 0:00:09]} 37. Be6+ {[%emt 0:00:58]} Kf8 {[%emt 0:00:05]} 38. Nf7 {[%emt 0:00:47]} Nf4 {[%emt 0:02:26]} 39. Ne5 {[%emt 0:00:32]} Ke7 {[%emt 0:07:59]} 40. Nxf3 {[%emt 0:00:00]} Nxe6 {[%emt 0:00:00]} 41. Re1 {[%emt 0:03:35]} Bd7 {[%emt 0:00:55]} 42. dxe6 {[%emt 0:04:22]} Bxe6 {[%emt 0:01:48]} 43. Kh2 {[%emt 0:01:46]} Kf6 {[%emt 0:00:29]} 44. Ne5 {[%emt 0:02:51]} Rb5 {[%emt 0:01:43]} 45. Nf3 {[%emt 0:01:00]} Rh5+ {[%emt 0:00:13]} 46. Kg3 {[%emt 0:01:43]} g5 {[%emt 0:01:18]} 47. Re3 {[%emt 0:06:15]} Bf5 {[%emt 0:03:28]} 48. Nh2 {[%emt 0:01:30]} Rh3+ {[%emt 0:00:16]} 49. Kg2 {[%emt 0:00:02]} Rh4 {[%emt 0:00:18]} 50. Rg3 {[%emt 0:06:04]} Rf4 {[%emt 0:02:11]} 51. Ra3 {[%emt 0:00:42]} Rb4 {[%emt 0:01:12]} 52. Kg3 {[%emt 0:00:37]} g4 {[%emt 0:02:27]} 53. Kh4 {[%emt 0:04:04]} Rf4 {[%emt 0:01:18]} 54. Rg3 {[%emt 0:00:59]} Be6 {[%emt 0:01:41]} 55. Nxg4+ {[%emt 0:00:47]} Bxg4 {[%emt 0:01:10]} 56. Rxg4 {[%emt 0:00:06]} Kf5 {[%emt 0:00:14]} 57. Rxf4+ {[%emt 0:00:06]} Kxf4 {[%emt 0:00:04]} 58. f3 {[%emt 0:00:05]} Kxf3 {[%emt 0:00:05]} 1/2-1/2

[Event "6th Heraklion Fischer 2019"]
[Site "Heraklion"]
[Date "2019.05.01"]
[Round "3.1"]
[White "Oglaza, Oskar"]
[Black "Georgiev, Kiril"]
[Result "1/2-1/2"]
[WhiteElo "2338"]
[BlackElo "2588"]
[Annotator "TA"]
[PlyCount "161"]
[EventDate "2019.04.29"]
[EventType "tourn"]
[EventCountry "GRE"]
[SourceTitle "playchess.com"]
[Source "ChessBase"]
[SourceQuality "1"]

{[%evp 23,161,15,16,0,7,0,0,-7,16,12,18,0,0,-15,-7,-11,-21,-20,-20,-27,-12,-6,-7,-12,0,0,0,0,0,0,-5,-2,0,0,0,-2,0,-4,-13,-16,-5,-6,-4,-4,0,0,0,0,0,0,-12,-10,0,-30,-30,-30,-30,-30,-30,-30,-30,-30,-30,-30,-30,-30,-20,-19,-15,-15,-15,-22,-15,-17,-15,-15,-15,-15,-18,-26,-26,-26,-26,-26,-26,-26,-26,-33,-8,-8,-8,-8,-8,-8,0,0,0,0,0,0,0,0,0,0,0,0,0,0,0,0,0,0,0,0,0,0,0,0,8,0,0,0,0,0,0,0,8,0,0,0,4,0,0,0,0,0,0,-8,0,0]} 1. e4 c5 2. Nf3 Nc6 3. d4 cxd4 4. Nxd4 Nf6 5. Nc3 e5 6. Ndb5 d6 7. Bg5 a6 8. Na3 b5 9. Nd5 Be7 10. Bxf6 Bxf6 11. c4 b4 12. Nc2 a5 13. g3 {B33: Sicilian: Pelikan and Sveshnikov Variations} (13. Qf3 Be6 14. Rd1 Bxd5 15. cxd5 Na7 16. g3 Rc8 17. Ne3 O-O 18. h4 Rc5 19. Bd3 Nc8 20. O-O Qc7 {½-½ (31) Nakamura,H (2746)-Caruana,F (2828) Saint Louis 2019}) 13... O-O 14. Qd3 Be6 15. h4 Bxd5 (15... a4 {is interesting.} 16. Rb1 Be7 17. Bg2 Qa5 18. O-O Bd8) 16. cxd5 Nb8 {[%cal Bc6b8,Bb8a6,Ba6c5][%mdl 32] [#]} 17. Bg2 $146 ({Predecessor:} 17. Ne3 Nd7 18. Rc1 Nc5 19. Rxc5 dxc5 {1-0 (50) Brkic,A (2553)-Lalic,B (2449) Mali Losinj 2017}) 17... Na6 18. O-O Nc5 19. Qe2 b3 20. Ne3 bxa2 21. Rxa2 a4 22. Rc1 Qb6 23. Nc4 Qb5 24. Bf1 Nb3 25. Rc3 Qb4 26. Nd2 Nxd2 27. Qxd2 Qxe4 28. Rc4 Qb1 29. Raxa4 g6 30. Rxa8 Rxa8 31. Rc1 Qf5 32. b4 Kg7 33. b5 Bd8 {White should prevent ...Bb6.} 34. Rc6 Ra1 35. Rxd6 Bxh4 36. Qe2 Bf6 37. Ra6 Rb1 38. Ra4 Be7 39. Qe4 Qxe4 40. Rxe4 $11 {[%mdl 4096] Endgame KRB-KRB} Bd6 41. Kg2 Rb2 42. Re2 Rxb5 {[#]} 43. Rxe5 $1 {[%mdl 512]} Ra5 (43... Bxe5 44. Bxb5) 44. Re3 h5 45. Bc4 Ra4 46. Rc3 Rb4 47. Bb3 Kf6 48. Rd3 h4 49. Rf3+ Ke7 50. Re3+ Kf8 51. Bd1 hxg3 52. fxg3 Rd4 53. Bf3 Rd2+ 54. Kh3 Kg7 55. Bg2 g5 56. Be4 {The position is equal.} Rd4 57. Kg4 $1 Kf6 {[#] Strongly threatening ...Ke5.} 58. Kh5 Be7 59. Rf3+ Kg7 60. Re3 Bd8 61. Kg4 Kf6 {Hoping for ...Ke5.} 62. Kh5 Rd2 63. Kg4 Kg7 64. Kf5 Be7 65. Rd3 Rf2+ 66. Rf3 Re2 67. Bd3 Ra2 (67... Rd2 {feels hotter.} 68. g4 Rb2 69. Ke5 Rb6 70. Be2 Bd6+) 68. Be4 Re2 69. Bd3 Rg2 (69... Rb2 {seems wilder.} 70. Bc4 Rc2 71. Bd3 Rb2) 70. Be4 Rg1 71. Kg4 Ra1 72. Kf5 Ra6 73. Kg4 Rb6 74. Rc3 Rb2 75. Kf5 Rf2+ 76. Rf3 Re2 77. Bd3 Re1 78. Kg4 Re5 79. Rf5 Re1 80. Rf1 Re3 81. Rf3 {Accuracy: White = 64%, Black = 68%.} 1/2-1/2

[Event "6th Heraklion Fischer 2019"]
[Site "Heraklion"]
[Date "2019.05.01"]
[Round "3.2"]
[White "Krishnater Kushager"]
[Black "Tate, Alan"]
[Result "1-0"]
[WhiteElo "2329"]
[BlackElo "2308"]
[Annotator "NA"]
[PlyCount "97"]
[EventDate "2019.04.29"]
[EventType "tourn"]
[EventCountry "GRE"]
[SourceTitle "playchess.com"]
[Source "ChessBase"]
[SourceQuality "1"]
[TimeControl "40/5400+30:1800+30"]

1. d4 {[%emt 0:00:00]} Nf6 {[%emt 0:00:37]} 2. c4 {[%emt 0:00:00]} e6 {[%emt 0:00:14]} 3. Nf3 {[%emt 0:00:00]} Bb4+ {[%emt 0:08:04]} 4. Nbd2 {[%emt 0:00:11]} b6 {[%emt 0:03:23]} 5. a3 {[%emt 0:00:33]} Bxd2+ {[%emt 0:00:34]} 6. Qxd2 {[%emt 0:00:12]} Bb7 {[%emt 0:01:09]} 7. g3 {[%emt 0:01:23]} a5 {[%emt 0:11:05]} 8. Bg2 {[%emt 0:03:00]} Be4 {[%emt 0:03:39]} 9. O-O {[%emt 0:04:09]} d6 {[%emt 0:03:05]} 10. b3 {[%emt 0:04:20]} Nbd7 {[%emt 0:01:07]} 11. Bb2 {[%emt 0:00:57]} O-O {[%emt 0:02:34]} 12. b4 {[%emt 0:01:49]} axb4 {[%emt 0:03:13]} 13. axb4 {[%emt 0:00:08]} b5 {[%emt 0:01:12]} 14. c5 {[%emt 0:07:42]} Nd5 {[%emt 0:04:44]} 15. Rfc1 {[%emt 0:02:41]} N7f6 {[%emt 0:03:36]} 16. Ne1 {[%emt 0:04:58]} Bxg2 {[%emt 0:00:17]} 17. Kxg2 {[%emt 0:02:23]} Ra4 {[%emt 0:09:44]} 18. Rxa4 {[%emt 0:09:23]} bxa4 {[%emt 0:00:03]} 19. Nc2 {[%emt 0:01:37]} Qa8 {[%emt 0:09:36]} 20. f3 {[%emt 0:00:16]} Rb8 {[%emt 0:03:13]} 21. e4 {[%emt 0:00:49]} Ne7 {[%emt 0:00:12]} 22. Na3 {[%emt 0:00:37]} dxc5 {[%emt 0:12:23]} 23. dxc5 {[%emt 0:02:45]} Rd8 {[%emt 0:00:44]} 24. Qe2 {[%emt 0:10:16]} Nc6 {[%emt 0:02:28]} 25. b5 {[%emt 0:00:50]} Nd4 {[%emt 0:00:56]} 26. Bxd4 {[%emt 0:00:35]} Rxd4 {[%emt 0:00:02]} 27. c6 {[%emt 0:00:51]} Rb4 {[%emt 0:07:13]} 28. Rd1 {[%emt 0:05:17]} h6 {[%emt 0:02:20]} 29. Rd3 {[%emt 0:10:39]} Rb3 {[%emt 0:02:12]} 30. Qc2 {[%emt 0:01:52]} Rxd3 {[%emt 0:00:23]} 31. Qxd3 {[%emt 0:00:01]} Qa5 {[%emt 0:01:49]} 32. Qe3 {[%emt 0:02:37]} Ne8 {[%emt 0:01:12]} 33. e5 {[%emt 0:00:49]} Qb4 {[%emt 0:00:59]} 34. f4 {[%emt 0:01:07]} Kf8 {[%emt 0:01:14]} 35. Qd3 {[%emt 0:02:42]} Qc5 {[%emt 0:01:08]} 36. Nc2 {[%emt 0:00:28]} f6 {[%emt 0:01:03]} 37. Qa3 {[%emt 0:00:50]} Qxa3 {[%emt 0:00:30]} 38. Nxa3 {[%emt 0:00:01]} g5 {[%emt 0:00:31]} 39. Kf3 {[%emt 0:00:24]} h5 {[%emt 0:00:29]} 40. fxg5 {[%emt 0:00:00]} fxg5 {[%emt 0:00:00]} 41. h3 {[%emt 0:03:11]} Ke7 {[%emt 0:01:41]} 42. g4 {[%emt 0:00:07]} h4 {[%emt 0:01:40]} 43. Ke4 {[%emt 0:00:21]} Ng7 {[%emt 0:07:15]} 44. Nc2 {[%emt 0:00:34]} Kd8 {[%emt 0:00:46]} 45. Kd4 {[%emt 0:01:25]} Nf5+ {[%emt 0:01:39]} 46. gxf5 {[%emt 0:00:16]} exf5 {[%emt 0:00:14]} 47. Ne3 {[%emt 0:00:13]} g4 {[%emt 0:03:08]} 48. hxg4 {[%emt 0:00:06]} h3 {[%emt 0:00:09]} 49. Nxf5 {[%emt 0:00:02]} 1-0

[Event "6th Heraklion Fischer 2019"]
[Site "Heraklion"]
[Date "2019.05.01"]
[Round "3.3"]
[White "Moksh Amit Doshi"]
[Black "Rozentalis, Eduardas"]
[Result "0-1"]
[WhiteElo "2256"]
[BlackElo "2568"]
[Annotator "TA"]
[PlyCount "108"]
[EventDate "2019.04.29"]
[EventType "tourn"]
[EventCountry "GRE"]
[SourceTitle "playchess.com"]
[Source "ChessBase"]
[SourceQuality "1"]

{[%evp 11,108,25,30,18,33,35,47,31,45,43,40,16,34,43,47,30,49,50,81,62,118,37,44,36,42,37,36,37,39,-7,46,-29,-18,-29,0,0,0,-10,-19,-11,0,0,10,10,10,10,15,0,0,0,0,0,0,0,0,0,0,0,0,0,0,0,7,0,0,0,0,0,0,0,0,0,0,0,0,0,0,0,10,0,0,0,0,0,0,-14,-16,-13,0,-28,0,-379,-366,-489,-477,-453,-416,-543,-533]} 1. d4 Nf6 2. c4 e6 3. Nf3 Bb4+ 4. Nbd2 O-O $146 ({Predecessor:} 4... Qe7 5. a3 Bxd2+ 6. Qxd2 O-O 7. e3 d6 8. b4 e5 9. dxe5 dxe5 10. Bb2 {1-0 (49) Markus,R (2662)-Rasovic,U (2091) Niksic 2016}) 5. a3 Bxd2+ 6. Qxd2 d6 7. b4 {E11: Bogo-Indian} Nbd7 8. e3 e5 9. dxe5 {White is slightly better.} dxe5 10. Bb2 Qe7 11. Be2 e4 12. Nd4 Ne5 13. h3 Bd7 14. O-O Rad8 15. Qc3 Ng6 (15... Nd3 $14) 16. f4 ({Better is} 16. Nb3 $16) 16... exf3 $1 $14 17. Bxf3 c6 18. Rae1 Qe5 19. e4 Rfe8 20. Qc1 (20. Nf5 $5 {[%cal Rc3c1]} Qxc3 21. Bxc3 $14) 20... Qf4 (20... Qg3 $11) 21. Qc2 (21. Qxf4 $14 Nxf4 22. Rd1) 21... Qg5 22. Kh1 Ne5 23. Bd1 Bc8 24. Nf3 Nxf3 25. Bxf3 Nd7 26. Qf2 Nb6 27. Bg4 {[#] Black must now prevent Bxc8.} f6 28. Bxc8 Nxc8 29. c5 Ne7 (29... Rd2 $5 30. Re2 $8 Red8 $14) 30. e5 {[%cal Re5f6]} Rd2 31. Re2 Rxe2 32. Qxe2 {[%cal Re5f6]} Nd5 {[%cal Rf6e5]} 33. Qf2 {[%cal Re5f6]} f5 34. Qxf5 Qxf5 35. Rxf5 Rf8 36. Rxf8+ Kxf8 $11 {[%mdl 4096] Endgame KB-KN} 37. Bd4 Ke7 38. g3 Ke6 39. Kg2 Nc7 40. Kf3 Kd5 41. Ke3 Ne6 42. Bb2 Kc4 43. Ke4 g6 44. Bc1 Kc3 45. Ke3 a5 46. Bd2+ Kb3 47. Kd3 Kxa3 48. Kc4 axb4 49. Bxb4+ Kb2 50. Be1 Kc2 {White should prevent ...Kd1.} (50... Kc1 $5 {[%cal Rc1d1]}) 51. Kb4 $2 {[%mdl 8192] [#]} (51. Bb4 $1 $11) 51... Kd3 $19 52. Ka5 Nxc5 53. Kb6 Kc4 54. Kc7 {intending Bf2.} Kd5 {Accuracy: White = 46%, Black = 59%.} 0-1

[Event "6th Heraklion Fischer 2019"]
[Site "Heraklion"]
[Date "2019.05.01"]
[Round "3.4"]
[White "Mitsis, Georgios"]
[Black "Leenhouts, Koen"]
[Result "1/2-1/2"]
[WhiteElo "2362"]
[BlackElo "2446"]
[Annotator "NA RC"]
[PlyCount "58"]
[EventDate "2019.04.29"]
[EventType "tourn"]
[EventCountry "GRE"]
[SourceTitle "playchess.com"]
[Source "ChessBase"]
[SourceQuality "1"]
[TimeControl "40/5400+30:1800+30"]

1. d4 {[%emt 0:00:00]} Nf6 {[%emt 0:00:00]} 2. c4 {[%emt 0:00:00]} g6 {[%emt 0:00:00]} 3. f3 {[%emt 0:00:00]} c5 {[%emt 0:04:07]} 4. d5 {[%emt 0:00:10]} Bg7 {[%emt 0:00:08]} 5. e4 {[%emt 0:00:10]} d6 {[%emt 0:00:12]} 6. Nc3 {[%emt 0:00:07]} O-O {[%emt 0:00:16]} 7. Be3 {[%emt 0:00:58]} e6 {[%emt 0:02:08]} 8. Qd2 {[%emt 0:05:13]} exd5 {[%emt 0:00:18]} 9. cxd5 {[%emt 0:00:06]} Nbd7 {[%emt 0:03:52]} 10. Bd3 {[%emt 0:02:04]} Ne5 {[%emt 0:02:33]} 11. Nge2 {[%emt 0:00:31]} a6 {[%emt 0:05:23]} 12. a4 {[%emt 0:00:20]} Nxd3+ {[%emt 0:01:45]} 13. Qxd3 {[%emt 0:00:45]} Rb8 {[%emt 0:05:17]} 14. O-O {[%emt 0:02:17]} Nd7 {[%emt 0:00:32]} 15. f4 {[%emt 0:04:19]} Re8 {[%emt 0:01:03]} 16. h3 {[%emt 0:03:32]} Qe7 {[%emt 0:10:04]} 17. Bd2 {[%emt 0:09:14]} b5 {[%emt 0:09:26]} 18. axb5 {[%emt 0:00:26]} axb5 {[%emt 0:00:07]} 19. Nxb5 {[%emt 0:09:26]} Qxe4 {[%emt 0:06:11]} 20. Qxe4 {[%emt 0:00:30]} Rxe4 {[%emt 0:00:08]} 21. Ng3 {[%emt 0:10:57]} Rc4 {[%emt 0:00:21]} 22. Nxd6 {[%emt 0:02:02]} Rc2 {[%emt 0:00:10]} 23. Be3 {[%emt 0:02:30]} Rbxb2 {[%emt 0:17:16]} 24. Rf2 {[%emt 0:06:23]} Rxf2 {[%emt 0:01:02]} 25. Bxf2 {[%emt 0:00:06]} Rxf2 {[%emt 0:00:09]} 26. Kxf2 {[%emt 0:00:45]} Bxa1 {[%emt 0:00:07]} 27. Nxc8 {[%emt 0:00:05]} f5 {[%emt 0:00:11]} 28. Ne2 {[%emt 0:02:18]} Nf6 {[%emt 0:08:41]} 29. Nb6 {[%emt 0:00:35]} Kf7 {[%emt 0:02:37]} 1/2-1/2

[Event "6th Heraklion Fischer 2019"]
[Site "Heraklion"]
[Date "2019.05.01"]
[Round "3.5"]
[White "Kapnisis, Spyridon"]
[Black "Gungl, Theo"]
[Result "1-0"]
[WhiteElo "2459"]
[BlackElo "2329"]
[Annotator "ChessBase"]
[PlyCount "67"]
[EventDate "2019.04.29"]
[EventType "tourn"]
[EventCountry "GRE"]
[SourceTitle "playchess.com"]
[Source "ChessBase"]
[SourceQuality "1"]
[TimeControl "40/5400+30:1800+30"]

1. e4 {[%emt 0:00:00]} c5 {[%emt 0:00:00]} 2. Nf3 {[%emt 0:00:00]} d6 {[%emt 0:00:00]} 3. d4 {[%emt 0:00:00]} cxd4 {[%emt 0:00:00]} 4. Nxd4 {[%emt 0:00:04]} Nf6 {[%emt 0:00:00]} 5. Nc3 {[%emt 0:00:04]} a6 {[%emt 0:00:00]} 6. Be3 {[%emt 0:00:32]} e6 {[%emt 0:00:00]} 7. g4 {[%emt 0:00:06]} e5 {[%emt 0:01:00]} 8. Nf5 {[%emt 0:00:07]} h5 {[%emt 0:00:41]} 9. g5 {[%emt 0:00:23]} Nxe4 {[%emt 0:00:30]} 10. Nxg7+ {[%emt 0:00:04]} Bxg7 {[%emt 0:00:07]} 11. Nxe4 {[%emt 0:00:04]} d5 {[%emt 0:00:28]} 12. Ng3 {[%emt 0:00:06]} d4 {[%emt 0:04:21]} 13. Bd2 {[%emt 0:00:11]} Qd5 {[%emt 0:04:19]} 14. c4 {[%emt 0:00:19]} Qc6 {[%emt 0:04:56]} 15. Bd3 {[%emt 0:02:06]} Bg4 {[%emt 0:18:36]} 16. Qc2 {[%emt 0:00:17]} Bf3 {[%emt 0:07:09]} 17. O-O {[%emt 0:03:39]} Nd7 {[%emt 0:05:19]} 18. Nf5 {[%emt 0:08:23]} Bf8 {[%emt 0:01:44]} 19. Nh4 {[%emt 0:24:54]} Bg4 {[%emt 0:21:53]} 20. b4 {[%emt 0:04:38]} Be6 {[%emt 0:11:27]} 21. Rac1 {[%emt 0:13:46]} Be7 {[%emt 0:05:13]} 22. Be4 {[%emt 0:16:14]} Qc7 {[%emt 0:00:42]} 23. Nf5 {[%emt 0:04:42]} Rg8 {[%emt 0:01:17]} 24. Nxe7 {[%emt 0:02:00]} Kxe7 {[%emt 0:00:07]} 25. f4 {[%emt 0:07:17]} Bh3 {[%emt 0:04:05]} 26. Rfe1 {[%emt 0:05:05]} Rae8 {[%emt 0:02:57]} 27. Qb3 {[%emt 0:01:29]} Bg4 {[%emt 0:03:02]} 28. h3 {[%emt 0:00:06]} exf4 {[%emt 0:01:44]} 29. hxg4 {[%emt 0:00:07]} Kd8 {[%emt 0:01:10]} 30. Qf3 {[%emt 0:03:42]} Ne5 {[%emt 0:01:26]} 31. Qxf4 {[%emt 0:00:07]} hxg4 {[%emt 0:00:10]} 32. Bg2 {[%emt 0:02:29]} Kc8 {[%emt 0:00:53]} 33. Qxd4 {[%emt 0:00:49]} Rh8 {[%emt 0:00:41]} 34. Bf4 {[%emt 0:00:46]} 1-0

[Event "6th Heraklion Fischer 2019"]
[Site "Heraklion"]
[Date "2019.05.02"]
[Round "4.1"]
[White "Georgiev, Kiril"]
[Black "Gungl, Theo"]
[Result "1/2-1/2"]
[WhiteElo "2588"]
[BlackElo "2329"]
[Annotator "TA"]
[PlyCount "236"]
[EventDate "2019.04.29"]
[EventType "tourn"]
[EventCountry "GRE"]
[SourceTitle "playchess.com"]
[Source "ChessBase"]
[SourceQuality "1"]

{[%evp 12,236,4,-1,-1,-1,-2,0,16,25,16,19,18,16,49,29,39,32,48,46,56,52,58,48,64,48,71,50,61,44,52,47,57,45,61,46,60,44,67,63,69,50,127,59,82,86,75,23,23,23,23,23,31,27,27,22,31,19,34,26,24,10,27,25,30,25,27,27,38,33,31,25,16,17,69,45,70,68,75,74,74,65,75,60,55,56,85,59,83,83,77,84,97,85,85,70,70,70,70,70,77,69,93,93,93,70,93,70,93,93,95,93,95,93,96,93,93,93,93,59,84,84,123,121,132,118,140,139,136,123,136,112,136,123,125,0,122,112,100,90,89,83,81,64,64,64,64,0,64,64,64,64,64,45,77,45,45,45,45,0,45,45,45,45,45,45,45,45,45,45,45,30,45,45,45,45,45,45,45,45,77,45,45,41,41,41,41,41,41,41,41,41,41,41,41,41,41,41,41,0,41,0,41,41,41,41,41,41,41,41,41,0,41,0,41,41,41,41,41,0,0,0,0,0,0,0,0]} 1. c4 c6 2. Nf3 d5 3. e3 Nf6 4. Nc3 e6 5. b3 Bd6 6. Bb2 O-O 7. Be2 e5 {A11: English Opening: 1...c6} (7... Nbd7 8. Rc1 a6 9. d4 Re8 10. O-O e5 11. dxe5 Nxe5 12. cxd5 c5 13. Nxe5 Bxe5 14. Bf3 Qd6 15. h3 b5 {1-0 (31) Nepomniachtchi,I (2763)-Saric,I (2695) St Petersburg 2018}) 8. cxd5 cxd5 9. Nb5 Nc6 10. Nxd6 Qxd6 11. d4 {[%cal Rd4e5]} e4 12. Ne5 Bf5 $146 ({Predecessor:} 12... Ne7 13. Qc1 Be6 14. Ba3 Qd8 15. Qc5 {0-1 (39) Tikkanen,H (2566)-Hector,J (2560) Malmo 2012}) 13. O-O Nd7 {[%cal Rc6e5]} 14. Nxc6 Qxc6 15. Qd2 Rfc8 16. Rfc1 Qb6 17. Ba3 h6 18. Be7 Be6 19. h3 a6 20. Bf1 f6 21. Be2 Kf7 22. Ba3 (22. Bb4 {keeps more tension.} Kg8 23. Ba5 Qd6 24. Qb4 Qxb4 25. Bxb4 Kf7 26. Kf1) 22... Kg8 23. Bb4 f5 24. Ba3 Kh7 25. Be7 Kg8 26. a4 Kf7 {[#]} (26... Rxc1+ $14 27. Qxc1 Nb8) 27. Ba3 (27. a5 $1 $16 {[%cal Ra5b6]} Rxc1+ 28. Qxc1) 27... Rxc1+ 28. Rxc1 Qxb3 29. Qb4 (29. Bd6 $16) 29... Qxb4 $11 30. Bxb4 b5 31. axb5 axb5 32. Bd6 b4 33. Bxb4 Rb8 34. Bd6 Rb6 35. Bc7 Rb2 36. Bf1 Nf6 37. Bd6 Rb7 38. Be2 Rb2 39. Kf1 Rb6 40. Bc7 Rb2 41. Ke1 Bd7 42. Be5 Rb7 ({Black should play} 42... Ba4 $11) 43. Ra1 Ke7 44. Bd1 Kf7 45. Kd2 Be6 46. Ra6 Bc8 47. Rc6 Bd7 48. Rc5 Be6 49. Bc2 Nd7 50. Rc7 Rxc7 51. Bxc7 $16 {[%mdl 4096] Endgame KBB-KBN} Nf6 52. Bb3 Bd7 53. Be5 Bc6 54. Kc3 Nd7 $1 55. Bc7 Ke6 56. Kb4 h5 57. Bd8 g6 58. Bc7 Ke7 59. Ka5 Ke6 60. Bd8 Kd6 61. Bg5 Ke6 62. Bd1 Kd6 63. Bf4+ Ke6 64. Be2 Ke7 65. f3 Ke6 66. Bd1 Ke7 67. fxe4 fxe4 68. Be2 Ke6 69. Bg5 Kf5 70. Bd8 Ke6 71. Bf1 Kd6 72. Bg5 Ke6 73. Be2 Kf5 74. Bh4 Ke6 75. Kb4 Kf7 76. g4 hxg4 77. Bxg4 Kf8 78. Bg5 Kf7 79. Bh4 Kf8 $1 80. Be6 Ke8 81. Bg5 Kf8 82. h4 Kg7 83. Be7 (83. Bxd7 $5 Bxd7 84. Kc5 $16) 83... Kh6 84. Kc3 Kg7 85. Kb4 Kh6 86. Bd8 Kg7 87. Kc3 Kf8 88. Kd2 Kg7 89. Bc7 Kf6 90. Bh3 Kf7 91. Bd8 Ke8 92. Bg5 Kf7 93. Kc3 Kf8 94. Kb4 Kf7 95. Bg4 Kg7 96. Be6 (96. Bxd7 $5 Bxd7 97. Kc5 $16) 96... Kh7 97. Bxd7 (97. Bf7 {is more complex.} Kg7 98. Be8 Kh7 99. h5 gxh5 100. Bxh5 Kg7 101. Bh4) 97... Bxd7 $14 {KB-KB} 98. Kc5 Be6 99. Kd6 Bg8 100. Ke7 Kg7 101. Bf4 g5 102. Bxg5 Kg6 103. Bf6 Kh5 104. Kf8 Be6 105. Ke7 Bg8 106. Bg5 Kg6 107. Kd6 Bf7 108. Bd8 Bg8 109. Ke5 Bf7 110. Bg5 Bg8 111. Bf4 Bf7 112. Bg5 Bg8 113. Kf4 Be6 114. Bd8 Bg8 115. h5+ Kxh5 {The position is equal.} 116. Kf5 Bf7 117. Bg5 Bg8 118. Bf4 Bf7 {Accuracy: White = 59%, Black = 58%.} 1/2-1/2

[Event "6th Heraklion Fischer 2019"]
[Site "Heraklion"]
[Date "2019.05.02"]
[Round "4.2"]
[White "Leenhouts, Koen"]
[Black "Kapnisis, Spyridon"]
[Result "0-1"]
[WhiteElo "2446"]
[BlackElo "2459"]
[Annotator "ChessBase"]
[PlyCount "68"]
[EventDate "2019.04.29"]
[EventType "tourn"]
[EventCountry "GRE"]
[SourceTitle "playchess.com"]
[Source "ChessBase"]
[SourceQuality "1"]
[TimeControl "40/5400+30:1800+30"]

1. d4 {[%emt 0:00:00]} Nf6 {[%emt 0:02:03]} 2. c4 {[%emt 0:00:00]} e6 {[%emt 0:00:06]} 3. g3 {[%emt 0:01:32]} c5 {[%emt 0:00:24]} 4. d5 {[%emt 0:00:22]} exd5 {[%emt 0:00:09]} 5. cxd5 {[%emt 0:00:07]} d6 {[%emt 0:00:07]} 6. Nc3 {[%emt 0:00:18]} g6 {[%emt 0:00:08]} 7. Nf3 {[%emt 0:00:07]} Bg7 {[%emt 0:00:06]} 8. Bg2 {[%emt 0:00:07]} O-O {[%emt 0:00:09]} 9. O-O {[%emt 0:00:10]} Re8 {[%emt 0:00:16]} 10. Bf4 {[%emt 0:00:22]} Bf5 {[%emt 0:04:21]} 11. Nh4 {[%emt 0:00:18]} Bc8 {[%emt 0:00:09]} 12. Nf3 {[%emt 0:00:07]} Bf5 {[%emt 0:00:30]} 13. Nd2 {[%emt 0:19:21]} Nh5 {[%emt 0:02:34]} 14. Be3 {[%emt 0:00:41]} Nd7 {[%emt 0:22:17]} 15. Nc4 {[%emt 0:03:50]} Ne5 {[%emt 0:00:28]} 16. Nxe5 {[%emt 0:00:28]} Bxe5 {[%emt 0:00:09]} 17. Bd2 {[%emt 0:12:25]} Qd7 {[%emt 0:03:27]} 18. e4 {[%emt 0:06:19]} Bh3 {[%emt 0:01:31]} 19. Re1 {[%emt 0:01:12]} Bxg2 {[%emt 0:05:47]} 20. Kxg2 {[%emt 0:00:07]} f5 {[%emt 0:00:11]} 21. f3 {[%emt 0:24:30]} b5 {[%emt 0:10:27]} 22. exf5 {[%emt 0:06:29]} b4 {[%emt 0:19:13]} 23. Ne4 {[%emt 0:02:24]} gxf5 {[%emt 0:03:16]} 24. Ng5 {[%emt 0:00:41]} Bxb2 {[%emt 0:00:10]} 25. Rb1 {[%emt 0:03:43]} Bf6 {[%emt 0:00:32]} 26. Ne6 {[%emt 0:01:16]} Ng7 {[%emt 0:01:41]} 27. Bh6 {[%emt 0:00:18]} Nxe6 {[%emt 0:05:01]} 28. dxe6 {[%emt 0:00:06]} Rxe6 {[%emt 0:00:55]} 29. Qb3 {[%emt 0:03:28]} d5 {[%emt 0:03:21]} 30. Red1 {[%emt 0:00:06]} Rd8 {[%emt 0:02:12]} 31. Rbc1 {[%emt 0:00:06]} Bc3 {[%emt 0:01:49]} 32. Bg5 {[%emt 0:00:21]} c4 {[%emt 0:00:13]} 33. Qb1 {[%emt 0:00:41]} Rde8 {[%emt 0:00:33]} 34. Kh1 {[%emt 0:01:27]} Re2 {[%emt 0:00:22]} 0-1